00472nam a2200169Ia 450000500170000000800410001704000190005804100120007708200130008910000180010224500580012026000340017830000160021250400500022865000140027885000100029220230426114612.0131103s9999 xx 000 0 und d aLoreto College aEnglish a339bROB aRobinson,John 4aThe economics of imperfect competitioncJohn Robinson aLondonbMacmillan & Co.c1964 axii,352 p.  aIncludes bibliographical references and index aEconomics aLCLIB